Why I am Not a Hindu Woman: (Record no. 181726)

MARC details
000 -LEADER
fixed length control field 00612nam a22001937a 4500
005 - DATE AND TIME OF LATEST TRANSACTION
control field 20211005113835.0
010 ## - LCCN (DPL NO)
LC control number ENG-129993
020 ## - INTERNATIONAL STANDARD BOOK NUMBER
Terms of availability 350.00
International Standard Book Number 978-93-85606-31-1
035 ## - SYSTEM CONTROL NUMBER
System control number EN-113525
037 ## - SOURCE OF ACQUISITION
Source of stock number/acquisition DBAD/PUB
082 ## - DEWEY DECIMAL CLASSIFICATION NUMBER
Classification number 305.6945
100 ## - MAIN ENTRY--PERSONAL NAME
Personal name Sonalkar, Wandana
245 ## - TITLE STATEMENT
Title Why I am Not a Hindu Woman:
Remainder of title A Personal Story/
Statement of responsibility, etc Wandana Sonalkar
250 ## - EDITION STATEMENT
Edition statement 2021
260 ## - PUBLICATION, DISTRIBUTION, ETC. (IMPRINT)
Name of publisher, distributor, etc Women Unlimited
Place of publication, distribution, etc New Delhi
270 ## - ADDRESS
Address 7/10, First Floor, Sarvapriya Vihar
City New Delhi
Postal code 110016
300 ## - PHYSICAL DESCRIPTION
Extent 169 p
Dimensions 22 cm (pbk)
Other physical details References
942 ## - ADDED ENTRY ELEMENTS (KOHA)
Source of classification or shelving scheme Dewey Decimal Classification
Item type English Books
Classification part 305.6945
Call number suffix SON
Holdings
Withdrawn status Lost status Not for loan Collection code Home library Current library Date acquired Source of acquisition Cost, normal purchase price Full call number Barcode Copy number Cost, replacement price Koha item type
      Non-fiction Bawana Bawana 05/10/2021 DBAD/PUB 350.00 305.6945 SON EN-113525 1 350.00 English Books

© Delhi Public Library
Hit Counter
free hit counter